MLB AL/NL West 2026 Lineups (My Lineups) - Statistics

General Stats
  • This quiz has been taken 63 times
    21 since last reset
  • The average score is 61 of 100
Answer Stats
Answer % Correct
Jeremy Pena
100%
Jose Altuve
100%
Yordan Alvarez
100%
Carlos Correa
91%
Jacob Wilson
91%
Nick Kurtz
91%
Shea Langeliers
91%
Yanier Diaz
91%
Brent Rooker
82%
Bryan Woo
82%
Cal Raleigh
82%
Cam Smith
82%
Christian Walker
82%
Corey Seager
82%
Hunter Brown
82%
Josh Naylor
82%
Josh Smith
82%
JP Crawford
82%
Julio Rodriguez
82%
Max Muncy
82%
Mike Trout
82%
Pavin Smith
82%
Will Smith
82%
Evan Carter
73%
Fernando Tatis Jr.
73%
Freddie Freeman
73%
Isaac Paredes
73%
Jake Meyers
73%
Ketel Marte
73%
Kyle Tucker
73%
Lawrence Butler
73%
Luis Severino
73%
Manny Machado
73%
Mookie Betts
73%
Shohei Ohtani
73%
Teoscar Hernandez
73%
Wyatt Langford
73%
Andy Pages
64%
Brendan Donovan
64%
Brenton Doyle
64%
Corbin Carroll
64%
Gabriel Moreno
64%
Geraldo Perdomo
64%
Heliot Ramos
64%
Hunter Goodman
64%
Jackson Merrill
64%
Jacob DeGrom
64%
Jake Cronenworth
64%
Jo Adell
64%
Josh Jung
64%
Jung Hoo Lee
64%
Logan O'Hoppe
64%
Tyler Soderstrom
64%
Yoshinobu Yamamoto
64%
Zach Neto
64%
Alek Thomas
55%
Brandon Nimmo
55%
Denzel Clarke
55%
Ezequiel Tovar
55%
Gavin Sheets
55%
Jake Burger
55%
Jeff McNeil
55%
Josh Lowe
55%
Logan Webb
55%
Matt Chapman
55%
Merrill Kelly
55%
Nolan Schanuel
55%
Patrick Bailey
55%
Rafael Devers
55%
Willy Adames
55%
Xander Bogaerts
55%
Carlos Santana
45%
Cole Young
45%
Freddy Fermin
45%
Jorge Soler
45%
Kyle Freeland
45%
Kyle Higashioka
45%
Lourdes Gurriel Jr.
45%
Luis Arraez
45%
Luke Raley
45%
Miguel Rojas
45%
Nolan Arenado
45%
Victor Robles
45%
Willie Castro
45%
Harrison Bader
36%
Joc Pederson
36%
Jordan Beck
36%
Michael King
36%
Yoan Moncada
36%
Christan Moore
27%
Mickey Moniak
27%
Ramon Laureano
27%
Randy Arozerana
27%
Yusei Kikuchi
27%
Bryce Eldridge
18%
Kyle Karros
18%
Warming Bernabel
18%
Yanquiel Fernández
18%
Miguel Andujar
9%
No matching quizzes found
Score Distribution
Percent of People with Each Score
Percentile by Number Answered
Your Score History
You have not taken this quiz since the last reset